| 000 -LEADER |
| fixed length control field |
00429cam a22001337a 4500 |
| 008 - FIXED-LENGTH DATA ELEMENTS--GENERAL INFORMATION |
| fixed length control field |
180718b1986 xxu||||| |||| 00| 0 eng d |
| 082 ## - DEWEY DECIMAL CLASSIFICATION NUMBER |
| Classification number |
R11x5441 H619 |
| 100 ## - MAIN ENTRY--PERSONAL NAME |
| Personal name |
Hirway, Indira |
| 245 ## - TITLE STATEMENT |
| Title |
Wage employment programmes in rural development: a study of NREP in Gujarat |
| Statement of responsibility, etc. |
by Indira Hirway |
| 260 ## - PUBLICATION, DISTRIBUTION, ETC. |
| Place of publication, distribution, etc. |
New Delhi |
| Name of publisher, distributor, etc. |
Oxford & IBH |
| Date of publication, distribution, etc. |
1986 |
| 300 ## - PHYSICAL DESCRIPTION |
| Extent |
112p. |
| 650 ## - SUBJECT ADDED ENTRY--TOPICAL TERM |
| Topical term or geographic name entry element |
Rural development - Gujarat |
| 650 ## - SUBJECT ADDED ENTRY--TOPICAL TERM |
| Topical term or geographic name entry element |
Employment - Gujarat |